| 000 | 00000cam 2200000zi 4500 |
| 001 | 9.961761 |
| 003 | CaOODSP |
| 005 | 20260527141111 |
| 006 | m o d f |
| 007 | cr bn||||||||| |
| 008 | 260409s2005 onc ob f000 0 eng d |
| 040 | |aCaOODSP|beng|erda|cCaOODSP |
| 043 | |an-cn--- |
| 086 | 1 |aT52-4/300-2005E-PDF |
| 245 | 00|aStudy and reference guide : |baircraft maintenance engineer examinations. |
| 264 | 1|a[Ottawa] : |bTransport Canada = Transports Canada, |c2005. |
| 300 | |a1 online resource (17 pages) |
| 336 | |atext|btxt|2rdacontent |
| 337 | |acomputer|bc|2rdamedia |
| 338 | |aonline resource|bcr|2rdacarrier |
| 500 | |aIssued also in French under title: Guide d'étude et de référence : examens des techniciens d'entretien d'aéronef. |
| 500 | |a"TP 14038E (revised 12/2005)." |
| 500 | |a"Revision 1 - August 2005." |
| 504 | |aIncludes bibliographical references. |
| 520 | |a"The purpose of this Study and Reference guide is to identify topics/subjects that may be covered by the Transport Canada (TC) technical and regulatory examinations required by Canadian Aviation Regulations (CAR) Standard 566. It is the responsibility of the candidate to be knowledgeable in all areas of aircraft maintenance required to meet the certification requirements associated with the licence"--Introduction. |
| 650 | 0|aAircraft|zCanada|xMaintenance and repair|xExaminations|vStudy guides. |
| 650 | 0|aAviation mechanics (Persons)|xLicenses|zCanada. |
| 655 | 7|aStudy guides|2lcgft |
| 710 | 1 |aCanada. |bTransport Canada, |eissuing body. |
| 775 | 08|tGuide d'étude et de référence : |w(CaOODSP)9.963121 |
| 856 | 40|qPDF|s67 KB|uhttps://publications.gc.ca/collections/collection_2026/tc/T52-4-300-2005-eng.pdf |
| 856 | 40|qHTML|sN/A|uhttps://tc.canada.ca/en/aviation/publications/study-reference-guide-aircraft-maintenance-engineer-technical-examinations-tp-14038 |
| 986 | |aTP 14038E |